| 000 | 00441ntaaa2200169 4500 | ||
|---|---|---|---|
| 003 | 01 | ||
| 005 | 20251027202303.0 | ||
| 008 | 0714s1973 ag 01 | ||
| 040 |
_aAR-BaBN _bspa _cAR-BaBN _eaacr _dRIC |
||
| 082 | _a273.4600 M52 | ||
| 100 | _aMenéndez Pelayo, Marcelino | ||
| 245 | _aHistoria de los heterodoxos españoles | ||
| 250 |
_a1 ed. : _bEspasa Calpe Argentina, _cc1959 |
||
| 300 | _a7 tomos | ||
| 650 |
_ahistoria _9175 |
||
| 942 | _cBK | ||
| 999 |
_c17630 _d17630 |
||